00355 2200157 4500245003300000020002200033250001100055100001200066650001600078005001900094260003000113041001400143084000800157300002300165336000900188 aThe DestroyercNunizzyhText a978-602-6922-95-3 aCet. 1 aNunizzy aNovel Fiksi a20230116085500 aJakartabRomanciousc2017 aIndonesia a813 a268 hlm. :c19 cm. atext